000 01017 a2200229 4500
001 23965
005 20260407155525.0
008 260407a2013 arg spa d
003 AR-UNSa-BCEJYS
040 _aAR-UNSa-BCEJYS
_bspa
_cAR-UNSa-BCEJYS
080 _a336.1
_xFinanzas Públicas. Finanzas del gobierno en general
245 1 0 _aFinanzas públicas en la práctica
_pselección de casos y aplicaciones
020 _a978-987-02-7035-5
264 1 _aBuenos Aires :
_bDunken
_c2013
300 _a364 p.
_c22 cm.
505 _a1. Estructura del gasto público, bienes públicos y externalidades - 2. Enfoque de economía política - 3. Gasto público social y sectores: salud, educación, seguridad social, pobreza - 4. Impuestos - 5. Federalismo fiscal
942 _cBK
590 _aniveau_biblio:m niveau_hierar:0
100 1 _aGarriga, Marcelo
700 1 _aRosales, Walter
856 4 1 _uhttps://biblioeco.unsa.edu.ar/pmb/images/libros/Finanzas P?blicas en la Pr?ctica.jpg
_yImagen de portada
_qimage/jpeg
999 _c1147
_d1147